Statistics for Real or Made Up ? #3

Click here to take the quiz!

General Stats

  • This quiz has been taken 20 times
  • The average score is 7 of 15

Answer Stats

QuestionAnswer% Correct
The Witch of KilkennyReal
88%
Sugarcane Serial KillerReal
59%
The Garbage ManMade up
53%
The Joyful AssassinMade up
53%
Night CallerReal
53%
Father BluebeardReal
53%
The Night BatReal
53%
Lagos ManiacMade up
47%
Viennese Housemaids KillerReal
47%
Aerosol KillerMade up
41%
Twitter KillerReal
41%
Singing Serial KillerReal
35%
Demon of DanzigMade up
24%
The Butcher of MurmanskMade up
12%
Boozing BarberReal
12%

Score Distribution

Percentile by Number Answered

Percent of People with Each Score

Your Score History

You have not taken this quiz